Detalles MARC
| 000 -CABECERA |
| campo de control de longitud fija |
02357nam a2200325 i 4500 |
| 001 - NÚMERO DE CONTROL |
| campo de control |
16255 |
| 003 - IDENTIFICADOR DEL NÚMERO DE CONTROL |
| campo de control |
DO-SdUEMH |
| 005 - FECHA Y HORA DE LA ÚLTIMA TRANSACCIÓN |
| campo de control |
20260123211730.0 |
| 007 - CAMPO FIJO DE DESCRIPCIÓN FÍSICA--INFORMACIÓN GENERAL |
| campo de control de longitud fija |
ta |
| 008 - DATOS DE LONGITUD FIJA--INFORMACIÓN GENERAL |
| campo de control de longitud fija |
211105s2014||||dr |||gr|||| 0|| | spa d |
| 020 ## - NÚMERO INTERNACIONAL ESTÁNDAR DEL LIBRO |
| Número Internacional Estándar del Libro |
9993490962 |
| 040 ## - FUENTE DE LA CATALOGACIÓN |
| Centro catalogador/agencia de origen |
DO-SdUEMH |
| Lengua de catalogación |
spa |
| Normas de descripción |
rda |
| 041 ## - CÓDIGO DE LENGUA |
| Código de lengua del texto/banda sonora o título independiente |
spa |
| 082 14 - NÚMERO DE LA CLASIFICACIÓN DECIMAL DEWEY |
| Número de clasificación |
RD343.015 R426 2014 |
| Colección |
Colección Dominicana |
| Número de documento/Ítem |
M538 |
| 084 ## - OTRO NÚMERO DE CLASIFICACIÓN |
| Item number |
14-00097 |
| 100 #1 - ENTRADA PRINCIPAL--NOMBRE DE PERSONA |
| Nombre de persona |
Méndez Gómez, Ana Marina |
| Término indicativo de función/relación |
colaboradora |
| 110 ## - ENTRADA PRINCIPAL--NOMBRE DE ENTIDAD CORPORATIVA |
| Nombre de entidad corporativa o nombre de jurisdicción como elemento de entrada |
República Dominicana: Ministerio de Defensa |
| 245 #0 - MENCIÓN DE TÍTULO |
| Título |
Índice de la Legislación Militar Dominicana (1844-2013): |
| Resto del título |
leyes, decretos, resoluciones, órdenes ejecutivas, órdenes generales, reglamentos, ordenanzas, circulares, etc. |
| Mención de responsabilidad, etc. |
Copiladora: Ana Marina Méndez Gómez |
| 250 ## - MENCIÓN DE EDICIÓN |
| Mención de edición |
Segunda edición |
| 260 ## - PUBLICACIÓN, DISTRIBUCIÓN, ETC. |
| Date of publication, distribution, etc. |
2014 |
| 264 #1 - PRODUCCIÓN, PUBLICACIÓN, DISTRIBUCIÓN, FABRICACIÓN Y COPYRIGHT |
| Lugar de producción, publicación, distribución, fabricación |
Santo Domingo, República Dominicana : |
| Nombre del de productor, editor, distribuidor, fabricante |
LORICAR, SRL, |
| Fecha de producción, publicación, distribución, fabricación o copyright |
2014 |
| 264 #4 - PRODUCCIÓN, PUBLICACIÓN, DISTRIBUCIÓN, FABRICACIÓN Y COPYRIGHT |
| Fecha de producción, publicación, distribución, fabricación o copyright |
©2014 |
| 300 ## - DESCRIPCIÓN FÍSICA |
| Extensión |
xvi, 434 páginas : |
| Dimensiones |
27 cm. |
| 336 ## - TIPO DE CONTENIDO |
| Fuente |
rdacontent |
| Término de tipo de contenido |
texto |
| Código de tipo de contenido |
txt |
| 337 ## - TIPO DE MEDIO |
| Fuente |
rdamedia |
| Nombre del tipo de medio |
sin mediación |
| Código del tipo de medio |
n |
| 338 ## - TIPO DE SOPORTE |
| Fuente |
rdacarrier |
| Nombre del tipo de soporte |
volumen |
| Código del tipo de soporte |
nc |
| 505 #2 - NOTA DE CONTENIDO CON FORMATO |
| Nota de contenido con formato |
Legislación militar dominicana por períodos de gobierno -- Índice alfabético por temas -- Legislación militar dominicana: leyes, decretos, resoluciones, órdenes ejecutivas, órdenes generales, reglamentos, ordenanzas y circulares -- Nombramientos de secretarios y ministros de las Fuerzas Armadas -- Nombramientos de subsecretarios y viceministros de las Fuerzas Armadas -- Primeros subsecretarios de Estado de lo Interior, Policía, Guerra y Marina y otras leyes y decretos relacionados con la Subsecretaría de Estado de las Fuerzas Armadas -- Subsecretarios y viceministros de las Fuerzas Armadas por el Ejército Nacional y viceministro de Defensa para Asuntos Militares -- Subsecretarios y viceministros de las Fuerzas Armadas por la Marina de Guerra y viceministro de Defensa para Asuntos Navales y Costeros -- Subsecretarios y viceministros de las Fuerzas Armadas por la Fuerza Aérea Dominicana y viceministro de Defensa para Asuntos Aéreos y Espaciales -- Nombramientos de inspectores generales de las Fuerzas Armadas -- Nombramientos de jefes de Estado Mayor del Ejército Nacional y comandante general del Ejército de la República Dominicana -- Nombramientos de jefes de Estado Mayor de la Marina de Guerra y comandante general de la Armada de la República Dominicana. |
| 942 ## - ELEMENTOS DE PUNTO DE ACCESO ADICIONAL (KOHA) |
| Fuente del sistema de clasificación o colocación |
Dewey Decimal Classification |
| Tipo de ítem Koha |
Libro |
| Suprimir en OPAC |
No |